| 000 | 00437nam a22001697a 4500 | ||
|---|---|---|---|
| 999 |
_c524278 _d524278 |
||
| 003 | NUST | ||
| 038 | _awaseem | ||
| 082 |
_a891.421 _bRAB |
||
| 100 |
_aKhan, Rabia _915088 |
||
| 245 |
_aSahwain Sool Basera / _cRabia Khan |
||
| 260 |
_aMultan : _bJhok Printers, _c2007. |
||
| 300 | _a96 p. ; | ||
| 500 | _aHardcover. | ||
| 880 |
_6100-01\r _aرابعہ خان |
||
| 880 |
_6245-02\r _aساہویں سول بسیرا / |
||
| 942 |
_2ddc _cBK |
||